Things that start with G by picture - Statistics

General Stats
  • This quiz has been taken 68 times
    49 since last reset
  • The average score is 22 of 27
Answer Stats
Picture Answer % Correct
glasses
100%
gold
100%
grapes
100%
gate
98%
goat
98%
goose
98%
guitar
98%
gun
98%
giraffe
95%
globe
95%
goldfish
93%
garbage
90%
gecko
90%
ghost
88%
gum
86%
gear
83%
germ
83%
gazelle
81%
German shepherd
79%
glue
79%
ginger
76%
gloves
76%
gelato
64%
granola
52%
grid
48%
glitter
43%
garnet
19%
No matching quizzes found
Score Distribution
Percent of People with Each Score
Percentile by Number Answered
Your Score History
You have not taken this quiz since the last reset